<?xml version="1.0" encoding="UTF-8"?>
<record
    xmlns:xsi="http://www.w3.org/2001/XMLSchema-instance"
    xsi:schemaLocation="http://www.loc.gov/MARC21/slim http://www.loc.gov/standards/marcxml/schema/MARC21slim.xsd"
    xmlns="http://www.loc.gov/MARC21/slim">

  <leader>01251nam a2200313 a 4500</leader>
  <controlfield tag="001">78447</controlfield>
  <controlfield tag="003">BD-RjUL</controlfield>
  <controlfield tag="005">20211209083130.0</controlfield>
  <controlfield tag="008">001204m19829999le       b    00010 arar </controlfield>
  <datafield tag="020" ind1=" " ind2=" ">
    <subfield code="c">&#xA3;E7.50 (v. 1)</subfield>
    <subfield code="a">9953446962</subfield>
  </datafield>
  <datafield tag="035" ind1=" " ind2=" ">
    <subfield code="a">(BD-RjUL)78673</subfield>
  </datafield>
  <datafield tag="040" ind1=" " ind2=" ">
    <subfield code="a">DLC</subfield>
    <subfield code="c">DLC</subfield>
    <subfield code="d">DLC</subfield>
    <subfield code="d">UkOxU</subfield>
    <subfield code="b">eng</subfield>
  </datafield>
  <datafield tag="041" ind1=" " ind2=" ">
    <subfield code="a">ara</subfield>
  </datafield>
  <datafield tag="082" ind1=" " ind2=" ">
    <subfield code="2">23</subfield>
    <subfield code="a">892.76</subfield>
    <subfield code="b">MAR 2005</subfield>
  </datafield>
  <datafield tag="100" ind1="0" ind2=" ">
    <subfield code="a">&#x627;&#x628;&#x648; &#x627;&#x644;&#x639;&#x644;&#x627;&#x621; &#x627;&#x644;&#x645;&#x639;&#x631;&#x64A; ;; Ab&#x16B; al-&#x2BF;Al&#x101;&#x2BC; al-Ma&#x2BF;arr&#x12B;,</subfield>
    <subfield code="d">973-1057.</subfield>
    <subfield code="9">248356</subfield>
  </datafield>
  <datafield tag="245" ind1="1" ind2="0">
    <subfield code="a"> &#x631;&#x633;&#x627;&#x626;&#x644; &#x627;&#x628;&#x64A; &#x627;&#x644;&#x639;&#x644;&#x627;&#x621; &#x627;&#x644;&#x645;&#x639;&#x631;&#x64A; ;; Ras&#x101;&#x2BC;il Ab&#x12B; al-&#x2BF;Al&#x101;&#x2BC; al-Ma&#x2BF;arr&#x12B; /</subfield>
    <subfield code="c">ta&#x1E25;q&#x12B;q I&#x1E25;s&#x101;n &#x2BF;Abb&#x101;s.</subfield>
  </datafield>
  <datafield tag="250" ind1=" " ind2=" ">
    <subfield code="a">al-&#x1E6C;ab&#x2BF;ah 1. ;; &#x627;&#x644;&#x637;&#x628;&#x639;&#x629; &#x661;.</subfield>
  </datafield>
  <datafield tag="260" ind1=" " ind2=" ">
    <subfield code="a">Bayr&#x304;ut :</subfield>
    <subfield code="b">D&#x101;r al-Shur&#x16B;q,</subfield>
    <subfield code="c">2005</subfield>
  </datafield>
  <datafield tag="260" ind1=" " ind2=" ">
    <subfield code="a">&#x628;&#x64A;&#x631;&#x648;&#x62A; :</subfield>
    <subfield code="b">&#x62F;&#x627;&#x631; &#x627;&#x644;&#x634;&#x631;&#x648;&#x642;&#x60C;</subfield>
    <subfield code="c">2005</subfield>
  </datafield>
  <datafield tag="300" ind1=" " ind2=" ">
    <subfield code="a">272 p. ;</subfield>
    <subfield code="c">22 cm.</subfield>
  </datafield>
  <datafield tag="500" ind1=" " ind2=" ">
    <subfield code="a">Title on p. [4] of cover: Ras&#x101;&#x2BC;il Abu al-&#x2BF;Al&#x101;&#x2BC; al-Ma&#x2BF;arr&#x12B;.</subfield>
  </datafield>
  <datafield tag="504" ind1=" " ind2=" ">
    <subfield code="a">Includes bibliographical references.</subfield>
  </datafield>
  <datafield tag="600" ind1="0" ind2="0">
    <subfield code="a">Ab&#x16B; al-&#x2BF;Al&#x101;&#x2BC; al-Ma&#x2BF;arr&#x12B;,</subfield>
    <subfield code="d">973-1057</subfield>
    <subfield code="x">Correspondence.</subfield>
    <subfield code="9">248366</subfield>
  </datafield>
  <datafield tag="650" ind1=" " ind2="0">
    <subfield code="a">Authors, Arab</subfield>
    <subfield code="z">Syria</subfield>
    <subfield code="x">Correspondence.</subfield>
    <subfield code="9">248358</subfield>
  </datafield>
  <datafield tag="650" ind1=" " ind2="0">
    <subfield code="a">Authors, Arab</subfield>
    <subfield code="y">To 1258</subfield>
    <subfield code="x">Correspondence.</subfield>
    <subfield code="9">248359</subfield>
  </datafield>
  <datafield tag="700" ind1="1" ind2=" ">
    <subfield code="a">&#x639;&#x628;&#x627;&#x633;&#x60C; &#x625;&#x62D;&#x633;&#x627;&#x646;.;;&#x2BF;Abb&#x101;s, I&#x1E25;s&#x101;n.</subfield>
    <subfield code="9">248367</subfield>
  </datafield>
  <datafield tag="942" ind1=" " ind2=" ">
    <subfield code="2">ddc</subfield>
    <subfield code="c">BK</subfield>
  </datafield>
  <datafield tag="999" ind1=" " ind2=" ">
    <subfield code="c">78447</subfield>
    <subfield code="d">78447</subfield>
  </datafield>
  <datafield tag="952" ind1=" " ind2=" ">
    <subfield code="0">0</subfield>
    <subfield code="1">0</subfield>
    <subfield code="2">ddc</subfield>
    <subfield code="4">0</subfield>
    <subfield code="7">1</subfield>
    <subfield code="8">NFIC</subfield>
    <subfield code="a">RUCL</subfield>
    <subfield code="b">RUCL</subfield>
    <subfield code="c">Reading</subfield>
    <subfield code="d">2009-11-18</subfield>
    <subfield code="e">Ahsania Mission, Dhaka</subfield>
    <subfield code="g">600.00</subfield>
    <subfield code="l">0</subfield>
    <subfield code="o">A 892.76 MAR 2005</subfield>
    <subfield code="r">2021-09-23 00:00:00</subfield>
    <subfield code="t">C-1</subfield>
    <subfield code="w">2021-09-23</subfield>
    <subfield code="y">BK</subfield>
  </datafield>
</record>
